000 00564nam a2200181Ia 4500
003 GCL
008 140319s9999 xx 000 0 ara d
040 _aGCL /
_cGCL
082 0 4 _a811.5
_bا ق
100 1 _aايمن محمد زكى العشماوى
245 1 0 _aقصيدة المديح عند المتنبى وتطورها الفنى /
_cايمن محمد زكى العشماوى
300 _a254
490 _a
650 0 4 _aالشعر العربى
650 0 4 _aالادب العربى
650 0 4 _aالمتنبى, ابو الطيب
942 _2ddc
_cBK
999 _c39620
_d39620